| 000 | 004390000a22001690004500 | ||
|---|---|---|---|
| 003 | MACL | ||
| 005 | 20160102135421.0 | ||
| 008 | 160102b xxu||||| |||| 00| 0 eng d | ||
| 040 |
_aMACL _cMACL |
||
| 041 | _aEnglish | ||
| 082 | _a681.76/VER | ||
| 100 |
_aVarma, Mahesh _927140 |
||
| 245 | _aConstruction Equipment | ||
| 260 |
_bMetropolitan Book _aDelhi _c1964 |
||
| 650 |
_aManufacture for Specific _927141 |
||
| 942 |
_cBK _k681.76/Ver _2ddc |
||
| 999 |
_c35887 _d35887 |
||